Cartas político-económicas escritas por el Conde de Campomanes, primero de este título, al Conde de Lerena / (Record no. 163744)
[ view plain ]
| 000 -LEADER | |
|---|---|
| campo de control de longitud fija | 01121nam a2200229 i 4500 |
| 001 - NÚMERO DE CONTROL | |
| campo de control | 163744 |
| 003 - IDENTIFICADOR DE NÚMERO DE CONTROL | |
| campo de control | ES-MaACL |
| 005 - FECHA Y HORA DE LA ÚLTIMA TRANSACCIÓN | |
| campo de control | 20251012063056.0 |
| 008 - DATOS DE LONGITUD FIJA--INFORMACIÓN GENERAL | |
| campo de control de longitud fija | 931025s1878 sp |||| |dspa d |
| 100 1# - ENTRADA PRINCIPAL--NOMBRE DE PERSONA | |
| Nombre de persona | Rodríguez Campomanes, Pedro, |
| Fechas asociadas al nombre | 1723-1803 |
| 9 (RLIN) | 98399 |
| 245 10 - MENCIÓN DEL TÍTULO | |
| Título | Cartas político-económicas escritas por el Conde de Campomanes, primero de este título, al Conde de Lerena / |
| Mención de responsabilidad, etc. | publícalas ahora por primera vez, precedidas de una introducción y de la biografía del autor, Antonio Rodriguez Villa. |
| 260 ## - PUBLICACIÓN, DISTRIBUCIÓN, ETC. | |
| Lugar de publicación, distribución, etc. | Madrid : |
| Nombre del editor, distribuidor, etc. | Librería de M. Murillo, |
| Fecha de publicación, distribución, etc. | 1878 ( |
| Fabricante | Imp. y estereotipia de Aribau y C., sucesores de Rivadeneyra) |
| 300 ## - DESCRIPCIÓN FÍSICA | |
| Extensión | XXXVI, 286 p. ; |
| Dimensiones | 18 cm. |
| 510 4# - NOTA DE CITAS O REFERENCIAS BIBLIOGRÁFICAS | |
| Nombre de la fuente | Palau, |
| Localización dentro de la fuente | 273695 |
| 530 ## - NOTA DISPONIBLE DE FORMULARIO FÍSICO ADICIONAL | |
| Nota de formato físico adicional disponible | Disponible en formato digital. |
| 600 14 - PUNTO DE ACCESO ADICIONAL DE MATERIA--NOMBRE DE PERSONA | |
| Nombre de persona | Rodríguez Campomanes, Pedro, |
| Fechas asociadas al nombre | 1723-1803 |
| 9 (RLIN) | 98399 |
| 651 #4 - PUNTO DE ACCESO ADICIONAL DE MATERIA--NOMBRE GEOGRÁFICO | |
| Nombre geográfico | España- |
| Subdivisión general | Situación económica- |
| Subdivisión cronológica | S.XVIII. |
| 9 (RLIN) | 167679 |
| 700 1# - ENTRADA AGREGADA--NOMBRE PERSONAL | |
| Nombre de persona | Rodríguez Villa, Antonio, |
| Fechas asociadas al nombre | 1843-1912 |
| 9 (RLIN) | 98860 |
| 852 ## - LOCALIZACIÓN | |
| Ubicación | ES-MaACL |
| Número de control de estantería | G-7412 |
| Nota libre | - Enc. pasta |
| 856 ## - LOCALIZACIÓN Y ACCESO ELECTRÓNICOS | |
| Identificador Uniforme de Recursos | <a href="http://bdh-rd.bne.es/viewer.vm?id=0000050155&page=1 ">http://bdh-rd.bne.es/viewer.vm?id=0000050155&page=1 </a> |
| Nota pública | Biblioteca Digital Hispánica |
| Estatus retirado | Estado de pérdida | Estado de daño | No para préstamo | Colección | Biblioteca de origen | Biblioteca actual | Ubicación en estantería | Fecha de adquisición | Fuente de adquisición | Total de préstamos | Signatura topográfica completa | Código de barras | Visto por última vez | Precio de reemplazo | Tipo de ítem Koha |
|---|---|---|---|---|---|---|---|---|---|---|---|---|---|---|---|
| Colección digital | Biblioteca del Ateneo de Madrid | Biblioteca del Ateneo de Madrid | Depósito 2 | 17/01/2008 | G-7412 | 1171598 | 23/02/2023 | 23/02/2023 | Libro impreso antiguo |
